Normal view
MARC view
- Peñalosa Castro, Eduardo
Entry Nombre Personal
001 - NUMERO DE CONTROL
- campo de control: 37202
003 - IDENTIFICADOR DE NUMERO DE CONTROL
- campo de control: MX-MxUPN
005 - FECHA Y HORA DE LA ÜLTIMA TRANSACCIÓN
- campo de control: 20230228083835.0
008 - DATOS DE LONGITUD FIJA
- campo de control de longitud fija: 220216n||acannaabn a aaa |d
035 ## - NUMERO DE CONTROL
- Número de control: UPN11000009309
040 ## - FUENTE DE CATALOGACIÓN
- Agencia original de catalogación: MX-MxUPN
- Lenguaje de catalogación: spa
- Agencia de transcripción: MX-MxUPN
100 1# - ENCABEZAMIENTO - NOMBRE PERSONAL
- Nombre personal: Peñalosa Castro, Eduardo
372 ## - CAMPO DE ACTIVIDAD
- Field of activity: Cognición
- Field of activity: Aprendizaje
- Field of activity: Enseñanza asistida por computadora
373 ## - GRUPO ASOCIADO
- Associated group: Universidad Autónoma Metropolitana (México). Unidad Cuajimalpa
- Fuente del término: naf
374 ## - OCUPACIÓN
- Occupation: Profesor universitario
- Occupation: Investigador
377 ## - LENGUA ASOCIADA
- Language code: spa
670 ## - FUENTE EN LA QUE SE LOCALIZARON DATOS
- Cita de la fuente: Estrategias docentes con tecnologías : guía práctica, 2013:
- Información localizada: portada (Eduardo Peñalosa Castro)
670 ## - FUENTE EN LA QUE SE LOCALIZARON DATOS
- Cita de la fuente: Derivación tecnológica en apoyo a la agencia académica en educación superior, 2018:
- Información localizada: portada (Eduardo Peñalosa Castro) solapa (Eduardo Peñalosa Castro; doctor en Psicología educativa por la UNAM; profesor-investigador de la Universidad Autónoma Metropolitana, Unidad Cuajimalpa; especialista en cognición, aprendizaje complejo y aprendizaje mediado por tecnologías)
902 ## - CATALOGADOR
- Catalogador: EMR/110615
902 ## - CATALOGADOR
- Catalogador: Víctor Ruiz/280223
